Every NBA #1 Pick - Statistics

General Stats
  • This quiz has been taken 7 times
  • The average score is 31 of 79
Answer Stats
Hint Answer % Correct
2006 Andrea Bargnani
100%
2025 Cooper Flagg
100%
2003 LeBron James
100%
1984 Hakeem Olajuwon
86%
1979 Magic Johnson
86%
2022 Paolo Banchero
86%
2023 Victor Wembanyama
86%
1996 Allen Iverson
71%
2012 Anthony Davis
71%
1993 Chris Webber
71%
1995 Joe Smith
71%
1969 Kareem Abdul-Jabbar
71%
2011 Kyrie Irving
71%
1991 Larry Johnson
71%
1992 Shaquille O'Neal
71%
2014 Andrew Wiggins
57%
2013 Anthony Bennett
57%
2009 Blake Griffin
57%
1987 David Robinson
57%
2018 Deandre Ayton
57%
2008 Derrick Rose
57%
2004 Dwight Howard
57%
1994 Glenn Robinson
57%
2015 Karl-Anthony Towns
57%
2000 Kenyon Martin
57%
2001 Kwame Brown
57%
1972 LaRue Martin
57%
2017 Markelle Fultz
57%
1998 Michael Olowokandi
57%
1985 Patrick Ewing
57%
1997 Tim Duncan
57%
2019 Zion Williamson
57%
2005 Andrew Bogut
43%
2020 Anthony Edwards
43%
1971 Austin Carr
43%
2016 Ben Simmons
43%
2021 Cade Cunningham
43%
1966 Cazzie Russell
43%
1958 Elgin Baylor
43%
1999 Elton Brand
43%
1960 Oscar Robertson
43%
1983 Ralph Sampson
43%
2002 Yao Ming
43%
2024 Zaccharie Risacher
43%
1974 Bill Walton
29%
1990 Derrick Coleman
29%
1968 Elvin Hayes
29%
2007 Greg Oden
29%
1982 James Worthy
29%
2010 John Wall
29%
1989 Pervis Ellison
29%
1961 Walt Bellamy
29%
1959 Bob Boozer
14%
1970 Bob Lanier
14%
1988 Danny Manning
14%
1975 David Thompson
14%
1964 Jim Barnes
14%
1967 Jimmy Walker
14%
1980 Joe Barry Carroll
14%
1977 Kent Benson
14%
1978 Mychal Thompson
14%
1948 Andy Tonkovic
0%
1963 Art Heyman
0%
1962 Bill McGill
0%
1986 Brad Daugherty
0%
1950 Chuck Share
0%
1947 Clifton McNeely
0%
1955 Dick Ricketts
0%
1973 Doug Collins
0%
1954 Frank Selvy
0%
1965 Fred Hetzel
0%
1951 Gene Melchiorre
0%
1949 Howie Shannon
0%
1976 John Lucas
0%
1981 Mark Aguirre
0%
1952 Mark Workman
0%
1953 Ray Felix
0%
1957 Rodney "Hot Rod" Hundley
0%
1956 Si Green
0%
No matching quizzes found
Score Distribution
Percent of People with Each Score
Percentile by Number Answered
Your Score History
You have not taken this quiz